|
|
|
|
| LEADER |
00000cam a2200000 7i4500 |
| 001 |
0000003014 |
| 005 |
20040401.0 |
| 020 |
0 |
0 |
|a 1853838403
|
| 090 |
0 |
0 |
|a R 382.91
|b CAR 2002
|
| 245 |
0 |
4 |
|a The CARTAGENA Protocol on Biosafety :
|b reconciling trade in biotechnology with environment and development ?
|c edited by Christoph Bail, Robert Falkner and Helen Marquard
|
| 260 |
0 |
0 |
|a London :
|b Earthscan Pub. ,
|c 2002
|
| 300 |
|
|
|a xxx, 578 p. ;
|c 21 cm.
|
| 500 |
0 |
0 |
|a Includes index
|
| 650 |
0 |
0 |
|a Biological diversity conservation
|
| 650 |
0 |
0 |
|a Biotechnology
|
| 650 |
0 |
0 |
|a Cartagena Protocol on Biosafety (2000)
|
| 700 |
0 |
1 |
|a Bail
|h Christoph
|
| 700 |
0 |
1 |
|a Falkner
|h Robert
|
| 700 |
0 |
1 |
|a Marquard
|h Helen
|
| 710 |
1 |
1 |
|a Sustainable Development Programme
|
| 998 |
|
|
|a JPSM
|
| 999 |
|
|
|a 0000005298
|b Monograph
|c Reference
|e Default branch
|